MDQL
is popping MORE tags! Check the
thread
!
Quizzes
Events
Quiz Creation
Community
Videos
Private Events
Remove Ads
Sign In
Join for FREE
Feedback
Dark Mode
Quiz Categories
Sports
Geography
Music
Movies
Television
Just For Fun
Miscellaneous
History
Literature
Language
Science
Gaming
Entertainment
Religion
Holiday
For Kids
Quiz Lab
Recent
Popular Today
Quiz Kudos Today
Editor Picks
Curator Picks
Quizzes by...
Day
Popularity
Type
Ratings
Length
Year
Community
Subscriptions
Recent Discussions
Orange Saloon
Badges
Playlists
Quests
Create
Leaderboards
Showdown
Live 5
Trivia Bingo
Activity
Puzzle Library
Sporcle Events
Private Events
Virtual Trivia
Globe League
Become a Host
Pub Owners
SporcleCon
Opinionation
Our Games
Videos
Blog
Mobile Apps
Partnerships
Remove Ads and Go Orange
Feedback
Music
Pop Music
The Beatles
Song
Album
Lyrics
Bands
Singers
Artist
Clip
Rock
Rap
Classical
Billboard
Country Music
Kpop
Taylor Swift
Music
Pop Music
The Beatles
Song
Album
Lyrics
Bands
Singers
Artist
Clip
Rock
Rap
Classical
Billboard
Country Music
Kpop
Taylor Swift
Random Quiz
Search Sporcle
×
Quiz Lab
Quiz Lab
Music
Country
Type in answers that appear in a list
Type in answers that appear in a list
Classic
Best Score? Go Orange.
No.1 Translated Songs by Country Stats
Can you name the Original Title of these Songs that were translated in the language where they reached No.1 ?
By
H0limkill
7m
20 Questions
68 Plays
68 Plays
68 Plays
Comments
Comments
Give Quiz Kudos
Give Quiz Kudos
-
- Ratings
hide this ad
Replay
Link that replays current quiz
Next Quiz
Link to next quiz in quiz playlist
You Got
0%
They Got
Avg Score
23%
Avg Friend Score
Upgrade to see
Score Distribution
Jump to the score distribution portion of the page
Score
0/20
Timer
07:00
0
Plays Today
Translated Title
Original Title
% Correct
Toxikus
Toxic (Britney Spears)
69.1%
Caliente
Hot (Inna)
55.9%
Reina Bailando
Dancing Queen (ABBA)
54.4%
Une Autre Brique Dans Le Mur (Partie II)
Another Brick In The Wall (Part II) (Pink Floyd)
50%
Granat
Grenade (Bruno Mars)
33.8%
Sier Sier Sier
Say Say Say (Paul McCartney Feat. Michael Jackson)
25%
Paraply
Umbrella (Rihanna Feat. Jay-Z)
23.5%
The Black Shirt
La Camisa Negra (Juanes)
20.6%
Einsam
Lonely (Akon)
20.6%
Geloof
Faith (George Michael)
19.1%
Translated Title
Original Title
% Correct
Love From The Linden Trees
Dragostea Din Tei (O-Zone)
16.2%
Em Algum Lugar Sobra O Arco-
íris
Somewhere Over The Rainbow (Israel Kamakawiwo'ole)
14.7%
音楽
Music (Madonna)
10.3%
Soggiorno Vivo
Stayin' Alive (The Bee Gees)
10.3%
Xάνουν τον εαυτό σας
Lose Yourself (Eminem)
10.3%
Narozen Této Cesta
Born This Way (Lady GaGa)
8.8%
I Trebuie Să Senzaţie
I Gotta Feeling (Black Eyed Peas)
8.8%
Minun Sydän Tulevat Jatkuu
My Heart Will Go On (Céline Dion)
8.8%
Baik Getaran
Good Vibrations (The Beach Boys)
7.4%
Organları
Bodies (Robbie Williams)
1.5%
Quiz Playlist
Details
Report
Send in Message
Add To Playlist
Classic:
Type in answers that appear in a list
Last Updated: Feb 16, 2017
Quiz Scoreboard
CHALLENGE
Sign Up to Join the Scoreboard
Show All
Scores
Hide
Comments
May contain spoilers
Recently Published
Two Season TV Shows II
by 123Four
Television
10m
Image Sorting: Flags VI
by Barbecue
Geography
2m
Find the 'City' Movie
by crazypaving
Movies
60s
More to Explore
Quiz From the Vault
Featured Blog Post
14 Easter Pick-up Lines to Find Eggs With
hide this ad
You Might Also Like...
Tags
Country Quiz
Song Quiz
Translation Quiz
No 1
original
Today's Top Quizzes in Music
Browse Music
hide this ad
Today's Top Quizzes in Country
Browse Country
Top Contributed Quizzes in Music
1
5X2 Blitz: Bands II
2
5X2 Blitz: The Beatles
3
Taylor Swift All Songs (2024)
4
5X2 Blitz: Billboard
5
5X2 Blitz: Billboard II
6
Music Artist by Three 2010s hits
7
5X2 Blitz: Album
8
5X2 Blitz: Rock
9
5X2 Blitz: Singers
10
5X2 Blitz: Lyrics
Explore More
Trending Topics
Anime
Kpop
Disney
Marvel
NBA
Harry Potter
Crossword
The Office
Puzzle
Pokémon
Country
Song
NFL
Soccer
WWE
hide this ad
More By:
H0limkill
Quiz
Plays
Rating
Category
Featured
Created
Movie Tidbits from Clips
92,370
4.66
Movies
Mar 12, 2011
Tennis 4+ Wins In Major Tournaments (Men)
67,814
3.67
Sports
Jan 17, 2011
Missing Word: Action Comedies
33,527
4.28
Just For Fun
Jun 13, 2011
Artist By Music Clip
21,982
4.53
Music
Jul 22, 2010
Top Actors/Directors of IMDb's Top 250
13,077
4.50
Movies
Oct 1, 2010
Go to Creator's Profile
Score Distribution
Quiz Creator Spotlight
H0limkill
Follow
Send a Message
Quizzes Created
-
Created Quiz Play Count
-
More By This Creator
Popular Quizzes Today
1
Find the US States - No Outlines Minefield
2
Colored Red Africa Blitz
3
Find the 'City' Movie
4
5x2 Blitz: Bands
5
The Countries of the World
6
Find the Countries of Europe - No Outlines Minefield
7
Find the US States
8
US States
More Music Quizzes
Figure Out The Imagine Dragons Lyrics V
Quiz Lab
Trending Quizzes
Colored Red Europe Blitz I
Colored Red Africa Blitz II
Colored Red Europe Blitz II
Colored Red Africa Blitz III
Even More Two Season TV Shows
Recently Updated
March Madness Men's Triple Doubles
pecheneg
How Do You Spell That?
pecheneg
Godzilla Movies
pecheneg
Grab Bag: 4-10 Letters
pecheneg
2024 March Madness Bracket
pecheneg
Famous TV Couples
Peacemaker
Champions League XIs: Real Madrid
pecheneg
Largest US Cities 1790-2010
pecheneg
Rides in Walt Disney World
pecheneg
Most Oscar Losses (Acting)
pecheneg
Trending Topics
Crossword
Harry Potter
NBA
Disney
Marvel
Anime
Kpop
Song
The Office
NFL
Puzzle
WWE
Pokémon
Country
Soccer
Your Account Isn't Verified!
In order to create a playlist on Sporcle, you need to verify the email address you used during registration. Go to your
Sporcle Settings
to finish the process.
Report this User
Report this user for behavior that violates our
Community Guidelines
.
Details:
Send Report
Go to the Sporcle.com Mobile Site →
Comments